000 00668nam a2200253Ia 4500
003 OSt
005 20221007100530.0
006 a|||||r|||| 00| 0
007 ta
008 221006b |||||||| |||| 00| 0 eng d
020 _a0406622639
024 _a4,554
037 _cTextual
040 _aLCO
_cLCO
_beng
041 _2eng
_aeng
082 _aZv3, M0
100 _aManchester A.H.
_9688794
245 0 _aModern Legal History of England and Wales 1750-1950
260 _aLondon
_bButterworths U.K.
_c1980
300 _a419
650 _aLEGAL HISTORY
_9695031
942 _hZv3, M0
_cTEXL
999 _c1174117
_d1174117